General WC Knowledge Quiz - Statistics

General Stats
  • This quiz has been taken 25 times
  • The average score is 11 of 15
Answer Stats
Question Answer % Correct
What player famously skied the ball over the bar in a penalty shootout in the 1994 WC Final Baggio
100%
Who has won the most WC's? Brazil
100%
Which player has scored in five successive WC's? CR7
100%
What one of these teams have never qualified for a world cup Finland
100%
Who scored the winning goal in the 2010 WC Final Iniesta
100%
Who has the most WC Goals OAT? Klose
100%
What player famously used the 'Hand of God'? Maradona
100%
Where and when was the first WC Hosted Uruguay 1930
100%
How many times have Spain hosted the WC? Once
67%
Who wore number 10 for England in 2006? Owen
67%
Who is the Youngest WC Goal scorer? Pele
67%
Who did Belgium beat to win their 2018 WC group England
33%
How many times have Morocco qualified for the WC? Six Times
33%
How many teams played in the 1978 WC 24
0%
Who scored the controversial 4th England Goal in the 1966 Final? Geoff Hurst
0%
No matching quizzes found
Score Distribution
Percent of People with Each Score
Percentile by Number Answered
Your Score History
You have not taken this quiz